Sapo de Navidad /
Sapo quiere festejar la Navidad en la laguna. Tiene todo planeado: el arbolito, los regalos, la música...pero ¿llegará Papá Noel?
Guardado en:
| Autor Principal: | |
|---|---|
| Otros Autores: | |
| Formato: | Libro |
| Idioma: | Undetermined |
| Publicado: |
Buenos Aires :
Edelvives,
2018.
|
| Edición: | 1a ed. 1a reimp. |
| Series: | Pequeletra
|
| Materias: | |
| Etiquetas: |
Agregar Etiqueta
Sin Etiquetas, Sea el primero en etiquetar este registro!
|
| LEADER | 00820nam a22002295a 4500 | ||
|---|---|---|---|
| 001 | CEM.cems020764 | ||
| 008 | 231214s2018####ag############000#0#und#d | ||
| 005 | 20231214160315.0 | ||
| 245 | 1 | 0 | |a Sapo de Navidad / |c Cecilia Pisos ; ilustrado por María Lavezzi. |
| 250 | |a 1a ed. 1a reimp. | ||
| 260 | |a Buenos Aires : |b Edelvives, |c 2018. | ||
| 300 | |a 32 p. | ||
| 490 | 1 | |a Pequeletra | |
| 520 | |a Sapo quiere festejar la Navidad en la laguna. Tiene todo planeado: el arbolito, los regalos, la música...pero ¿llegará Papá Noel? | ||
| 020 | |a 9789876423892 | ||
| 100 | 1 | |a Pisos, Cecilia. | |
| 700 | 1 | |a Lavezzi, María; il. | |
| 653 | |a Cuento infantil | ||
| 653 | |a Cuento argentino | ||
| 653 | |a Literatura infantil | ||
| 653 | |a Literatura argentina | ||
| 859 | |a CEMS |b BIB. CEMS - Inicial y Primaria |h A868.4 |i P676-3 |k IP |p 6729 |t Ej.1 | ||
